Nový zákon o trestnej zodpovednosti právnických osôb

Dňom 1. júla 2016 nadobudol účinnosť nový zákon o trestnej zodpovednosti právnických osôb, ktorý bol uverejnený v Zbierke zákonov po číslom 91/2016 Z.z. Znenie zákona.

Uložené v:
Podrobná bibliografia
Hlavný autor: Múčková, Beata
Médium: Kapitola
Jazyk:Slovak
Predmet:
Tagy: Pridať tag
Žiadne tagy, Buďte prvý, kto otaguje tento záznam!

MARC

LEADER 00000naa a2200000 4500
001 0224176
005 20221019163319.0
041 0 |a slo 
044 |a SK 
245 1 0 |a Nový zákon o trestnej zodpovednosti právnických osôb  |c Beata Múčková 
520 |a Dňom 1. júla 2016 nadobudol účinnosť nový zákon o trestnej zodpovednosti právnických osôb, ktorý bol uverejnený v Zbierke zákonov po číslom 91/2016 Z.z. Znenie zákona. 
610 2 0 |a osoby právnické 
610 2 0 |a zodpovednosť právna 
610 2 0 |a zákony 
100 1 |a Múčková, Beata